Sports Quiz

Random Sports or NFL Quiz

2006 NFL QB Alma Maters Quiz Stats

 Plays Quiz not verified by Sporcle

Challenge
Share
Tweet
Embed
Score 0/71 Timer 10:00
0 Plays Today
% Correct
Purdue
95.3%
Michigan
95.3%
Tennessee
95.3%
Southern California
94.1%
Mississippi
92.9%
Syracuse
92.9%
Miami (Ohio)
92.9%
Southern Mississippi
91.8%
Southern California
91.8%
Utah
91.8%
Auburn
90.6%
Vanderbilt
90.6%
North Carolina State
90.6%
Virginia Tech
90.6%
Texas
90.6%
Florida
89.4%
Southern California
88.2%
Marshall
87.1%
Miami (Florida)
87.1%
Marshall
85.9%
California
85.9%
Texas
85.9%
Florida State
85.9%
Miami (Florida)
84.7%
Eastern Illinois
84.7%
Michigan
83.5%
Northern Iowa
83.5%
Pennsylvania State
82.4%
Alcorn State
82.4%
Oregon
80%
Arizona State
80%
Alabama
76.5%
Washington State
75.3%
California
75.3%
Virginia
72.9%
Central Florida
70.6%
% Correct
Oregon
69.4%
Boston College
68.2%
East Carolina
65.9%
Fresno State
64.7%
Washington
63.5%
Washington
62.4%
Iowa State
62.4%
Tulane
61.2%
Toledo
60%
Indiana
60%
Alabama State
60%
Wisconsin
58.8%
Florida State
58.8%
Tulane
58.8%
Indiana
58.8%
West Virginia
57.6%
Washington
56.5%
Oregon State
55.3%
Akron
55.3%
Fresno State
52.9%
Arizona State
51.8%
Eastern Michigan
49.4%
Louisiana-Lafayette
49.4%
San Jose State
48.2%
Virginia
47.1%
Louisiana Tech
45.9%
Oregon
44.7%
Iowa State
43.5%
Northwestern
42.4%
Central Washington
38.8%
Florida A&M
31.8%
South Carolina
25.9%
Arkansas State
24.7%
Tulsa
22.4%
Weber State
22.4%

You're not logged in!

Compare scores with friends on all Sporcle quizzes.
Join for Free
OR
Log In

You Might Also Like...

Show Comments

Extras

Top Quizzes Today


Score Distribution

Your Account Isn't Verified!

In order to create a playlist on Sporcle, you need to verify the email address you used during registration. Go to your Sporcle Settings to finish the process.

Report this User

Report this user for behavior that violates our Community Guidelines.

Details: